| 000 | 00398nam a2200145Ia 4500 | ||
|---|---|---|---|
| 999 |
_c10085 _d10085 |
||
| 008 | 220308s9999 xx 000 0 und d | ||
| 020 | _a9781864705522 | ||
| 082 | _a635.9671 | ||
| 100 | _aby Gina Tsarouhas | ||
| 245 | 0 | _aGreen walls green roofs : designing sustainable architecture | |
| 260 | _bImages Publishing Group Pty Ltd (1 August 2014) | ||
| 365 | _b50 | ||
| 365 | _cUSD | ||
| 942 | _2ddc | ||